Theatrum machinarum generale : Schau-platz des grundes mechanischer Wissenschafften, das ist, deutliche anleitung zur mechanic oder Bewegungs-Kunst ... /

Bibliographic Details
Main Author: Leupold, Jacob, 1674-1727
Format: Book
Language:German
Published: Leipzig : Druckts C. Zunkel, 1724.
Subjects:

MARC

Tag First Indicator Second Indicator Subfields
LEADER 00000cam a2200000 a 4500
001 in00000013314
005 20151007052358.0
008 880318s1724 ge af 00010 ger d
010 |a  06024299  
035 |a (OCoLC)01920805 
035 |9 AAA7528AM 
040 |a DLC  |c DLC  |d m.c.  |d TXA  |d UtOrBLW 
049 |a TXAS  |c [A09894209] 
050 0 0 |a TJ144  |b .L65 
050 4 |a TJ144  |b .L65 1724 
100 1 |a Leupold, Jacob,  |d 1674-1727. 
245 1 0 |a Theatrum machinarum generale :  |b Schau-platz des grundes mechanischer Wissenschafften, das ist, deutliche anleitung zur mechanic oder Bewegungs-Kunst ... /  |c gestellet von Jacob Leupold. 
264 1 |a Leipzig :  |b Druckts C. Zunkel,  |c 1724. 
300 |a 18 unnumbered pages, 188, 184 pages, 121 leaves of plates :  |b illustrations ; 36 cm. 
336 |a text  |b txt  |2 rdacontent 
337 |a unmediated  |b n  |2 rdamedia 
338 |a volume  |b nc  |2 rdacarrier 
500 |a Title in red and black, head and tail pieces, initials. 
500 |a With this is bound his Theatrum machinarium, oder : Schau-Platz der Heb-Zeipzig, 1725. 
650 0 |a Mechanical engineering  |v Early works to 1800. 
999 |a MARS 
999 f f |s 480f943d-e11f-3250-80e6-2933c00c7b10  |i 49f29d8d-27e6-3616-b7d2-d3d8d0567a28  |t 0 
952 f f |p noncirc  |a Texas A&M University  |b College Station  |c Cushing Memorial Library & Archives  |d Cushing: Rare Books (Does not check out)  |t 0  |e TJ144 .L65 1724  |f Oversize  |h Library of Congress classification  |i unmediated -- volume  |m A14809894209 
998 f f |a TJ144 .L65 1724  |t 0  |l Cushing: Rare Books (Does not check out)